| 000 | 00467nam a2200169 a 4500 | ||
|---|---|---|---|
| 005 | 20140412111339.0 | ||
| 008 | 081008s19uu xx 00 eng d | ||
| 020 | _a0-439-11765-8 | ||
| 050 |
_aTR(GS 808.0688 _bS35 2000 |
||
| 100 | _aSweeney, Jaqueline | ||
| 245 |
_aPoetry - Writing activities / _cJaqueline Sweeney. |
||
| 260 |
_aU.S.A : _bScholastic Professional books, _c2000. |
||
| 300 | _a56p. | ||
| 500 | _aGrades 2-4 | ||
| 650 | _aPoetry | ||
| 999 |
_c105091 _d105091 |
||